• 首页
  • 本馆介绍
  • 公告通知
  • 最新文献
  • 馆藏检索
  • 电子资源
  • 读者导购
  • 参考咨询
  • 我的图书馆
  • 登录
  • 详细信息显示
  • 放入我的书架
  • 预约/预借图书
  • 作者相关作品
  • 分类相关作品
  • 丛书相关作品
  • 出版社相关作品

书目信息

  • 表格格式
  • 工作单格式
  • 卡片格式
题名:
劳动创造价值论
    
 
作者: 白暴力 著
分册:  
出版信息: 北京   中国人民大学出版社  2004
页数: 294页
开本: 21cm
丛书名: 邓小平理论和“三个代表”重要思想研究丛书
单 册:
中图分类: F014.2
科图分类:
主题词: 价值论 , 劳动--价值论--理论研究
电子资源:
ISBN: 7-300-05142-1
000 01216oam2 2200289 45
001 080000011662
005 20060105153651.54
010    @a7-300-05142-1@dCNY18.00
092    @aCN
100    @a20050628d2004 ekmy0chiy0120 ea
101 0  @achi
102    @aCN@b110000
105    @ay z 001yy
200 1  @a劳动创造价值论@9lao dong chuang zao jia zhi lun@f白暴力著@Fbai bao li zhu
210    @a北京@c中国人民大学出版社@d2004
215    @a294页@d21cm
225 2  @a邓小平理论和“三个代表”重要思想研究丛书
314    @a白暴力,男,1954年生,1992年任经济学教授,1993年起享受国务院特殊津贴;现任北京师范大学教授、博士生导师、当代经济理论研究中心主任、经济学院副院长、兼任西北工业大学经济研究中心教授、博士生导师、主任;出版学术著作《价值与价格理论》、《财富劳动与价值》等19部。
330    @a本书构建了“人本位世界”这一经济学新的基础平台,并以此为基础研究了财富、劳动与价值等一系列经济学的基础问题,试图建立新的财富与劳动价值理论体系。
461  0 @12001 @a邓小平理论和“三个代表”重要思想研究丛书
606 0  @a价值论
606 0  @a劳动@x价值论@x理论研究
690    @aF014.2@v4
701  0 @a白暴力@Abai bao li@4著
801  0 @aCN@bCXYBOOK@c20060105
905    @a10447@dF014.2@e191
999    @aHSJ@eGLX
    
    劳动创造价值论/白暴力著.-北京:中国人民大学出版社,2004
    294页;21cm.-(邓小平理论和“三个代表”重要思想研究丛书)
    
    
    ISBN 7-300-05142-1:CNY18.00
    本书构建了“人本位世界”这一经济学新的基础平台,并以此为基础研究了财富、劳动与价值等一系列经济学的基础问题,试图建立新的财富与劳动价值理论体系。
●
相关链接 在E读中查询图书 在五车中查询图书 在当当中查询图书 在豆瓣中查询图书


正题名:劳动创造价值论     索取号:F014.2/191         预约/预借

序号 登录号 条形码 馆藏地/架位号 状态 备注
1 0373935   203739357   第一样本阅览室/ [索取号:F014.2/191] 在馆    
2 0373936   203739366   第一借阅区/ [索取号:F014.2/191] 在馆    
唐山师范学院图书馆 欢迎您!
大连网信软件有限公司© 版权所有